Southville International School and Colleges
Your cart is empty.
  • Cart
  • Lists
    Public lists Eva Luna New books Lux_list list_1
    Your lists Log in to create your own lists
  • Log in to your account
  • Your cookies
  • Search history
Southville International School and Colleges
  • Advanced search
  • Recent comments
  • Most popular
  • Libraries

Log in to your account

Log in with GOOGLE


If you do not have an external account, but do have a local account, you can still log in:

  1. Home
  2. MARC view: Hollow city /
Normal view MARC view ISBD view

Hollow city / (Record no. 305387)

[ view plain ]
MARC details
000 -LEADER
fixed length control field 01418cam a2200325 i 4500
001 - CONTROL NUMBER
control field 18568398
003 - CONTROL NUMBER IDENTIFIER
control field LC
005 - DATE AND TIME OF LATEST TRANSACTION
control field 20170113164137.0
008 - FIXED-LENGTH DATA ELEMENTS--GENERAL INFORMATION
fixed length control field 150408s2015 paua d 000 1 eng
010 ## - LIBRARY OF CONGRESS CONTROL NUMBER
LC control number 2013498083
020 ## - INTERNATIONAL STANDARD BOOK NUMBER
International Standard Book Number 9781594747175
040 ## - CATALOGING SOURCE
Original cataloging agency DLC
Transcribing agency DLC
Description conventions rda
042 ## - AUTHENTICATION CODE
Authentication code lcac
-- pcc
050 00 - LIBRARY OF CONGRESS CALL NUMBER
Classification number PZ 7.R4423
Item number Hol 2015
082 00 - DEWEY DECIMAL CLASSIFICATION NUMBER
Classification number [Fic]
100 1# - MAIN ENTRY--PERSONAL NAME
Personal name Riggs, Ransom,
Relator term author.
245 10 - TITLE STATEMENT
Title Hollow city /
Statement of responsibility, etc by Ransom Riggs.
250 ## - EDITION STATEMENT
Edition statement First paperback edition.
300 ## - PHYSICAL DESCRIPTION
Extent 428 pages :
Other physical details illustrations ;
Dimensions 22 cm.
490 1# - SERIES STATEMENT
Series statement The 2nd novel of Miss Peregrine's Peculiar Children
520 ## - SUMMARY, ETC.
Summary, etc "Having escaped Miss Peregrine's island by the skin of their teeth, Jacob and his new friends, who possess supernatural abilities, must journey to London (circa 1940), the 'peculiar' capital of the world. There they hope to find a cure for their beloved headmistress, Miss Peregrine. But in this war-torn city, hideous surprises lurk around every corner"--
650 #1 - SUBJECT ADDED ENTRY--TOPICAL TERM
Topical term or geographic name as entry element Supernatural
Form subdivision Fiction.
650 #1 - SUBJECT ADDED ENTRY--TOPICAL TERM
Topical term or geographic name as entry element Time travel
Form subdivision Fiction.
651 #1 - SUBJECT ADDED ENTRY--GEOGRAPHIC NAME
Geographic name London (England)
General subdivision History
Chronological subdivision Bombardment, 1940-1945
Form subdivision Fiction.
651 #1 - SUBJECT ADDED ENTRY--GEOGRAPHIC NAME
Geographic name Great Britain
General subdivision History
Chronological subdivision George VI, 1936-1952
Form subdivision Fiction.
800 1# - SERIES ADDED ENTRY--PERSONAL NAME
Personal name Riggs, Ransom.
Title of a work Novel of Miss Peregrine's Peculiar Children ;
Volume/sequential designation 2nd.
906 ## - LOCAL DATA ELEMENT F, LDF (RLIN)
a 7
b cbc
c orignew
d 2
e ncip
f 20
g y-gencatlg
942 ## - ADDED ENTRY ELEMENTS (KOHA)
Source of classification or shelving scheme Library of Congress Classification
Koha item type Books
Holdings
Withdrawn status Lost status Source of classification or shelving scheme Damaged status Home library Current library Shelving location Date acquired Source of acquisition Sub Shelving location Total Checkouts Total Renewals Full call number Barcode Date last seen Date checked out Price effective from Koha item type
    Library of Congress Classification   Luxembourg Library Luxembourg Library Fiction Section 01/13/2017 Library Fund   9 15 PZ 7.R4423 Hol 2015 20363 10/24/2022 10/10/2022 01/13/2017 Books

Hollow city /

APA

Riggs R., .Hollow city. : .

Chicago

Riggs Ransom, .Hollow city. : .

Harvard

Riggs R., .Hollow city. : .

MLA

Riggs Ransom, .: . .

  • Place hold
  • Print
  • Cite
  • Add to your cart (remove)
  • Save record
    BIBTEX Dublin Core MARCXML MARC (non-Unicode/MARC-8) MARC (Unicode/UTF-8) MARC (Unicode/UTF-8, Standard) MODS (XML) RIS
  • More searches
    Search for this title in:
    Other Libraries (WorldCat) Other Databases (Google Scholar) Online Stores (Bookfinder.com) Open Library (openlibrary.org)

Exporting to Dublin Core...

SOUTHVILLE LIBRARY

Southville International School and Colleges Library

1281 Tropical Ave. Cor. Luxembourg St., BF Homes International, Las Pinas City

Tel. No. 8256374 / 252358 Loc. 117/146

Powered by Koha